[Event "Master Rochefort 2020"]
[Site "Palais des Congres Rochefort"]
[Date "2020.02.22"]
[Round "6.6"]
[White "Lucas, Arthur"]
[Black "Vorobiov, Evgeny E."]
[Result "0-1"]
[WhiteElo "2290"]
[BlackElo "2520"]
[PlyCount "126"]
[EventDate "2020.??.??"]
[WhiteTeam "Cercle d'echecs des Sables d'Olonne"]

1. e4 c5 2. Nc3 Nc6 3. Bb5 Nd4 4. Nf3 a6 5. Bd3 Nc6 6. O-O g6 7. Rb1 Bg7 8. a3
Nf6 9. b4 d6 10. Re1 O-O 11. Nd5 b5 12. Bb2 cxb4 13. axb4 e5 14. Nxf6+ Bxf6 15.
Bc3 Bb7 16. Bf1 Rc8 17. d3 d5 18. exd5 Qxd5 19. Bd2 Nd4 20. Nxd4 exd4 21. Rc1
h5 22. Bh6 Rfd8 23. Qd2 Kh7 24. Qf4 Rd6 25. h4 Bxh4 26. Qxh4 Kxh6 27. Re7 Kg7
28. Qf4 Rf6 29. Qd2 Re6 30. Rxe6 Qxe6 31. c4 dxc3 32. Rxc3 Rxc3 33. Qxc3+ Qf6
34. Qc7 Bd5 35. Qc5 Qc6 36. Qd4+ Kh7 37. Qe5 Be6 38. Qe3 Qc1 39. Qe5 Qd2 40.
Qd4 Qe1 41. Qf4 a5 42. bxa5 Qxa5 43. Qe5 Qb6 44. d4 b4 45. Bd3 b3 46. d5 Bg4
47. Qb2 Qb4 48. Qf6 Qb7 49. Qe5 Kg8 50. f3 Bd7 51. Bb1 Qb5 52. Kh2 Qb4 53. Qb2
Qd6+ 54. Kg1 Qxd5 55. Kf2 Be6 56. Ke2 Qc5 57. Qf6 Bc4+ 58. Kd2 Qa5+ 59. Kc1
Qe1+ 60. Kb2 Qd2+ 61. Ka1 Qxg2 62. f4 b2+ 63. Qxb2 Qa8+ 0-1

[Event "Master Rochefort 2020"]
[Site "Palais des Congres Rochefort"]
[Date "2020.02.22"]
[Round "6.7"]
[White "Shailesh, Dravid"]
[Black "Shirazi, Kamran"]
[Result "0-1"]
[WhiteElo "2269"]
[BlackElo "2362"]
[PlyCount "72"]
[EventDate "2020.??.??"]
[BlackTeam "Tremblay en France"]

1. e4 e5 2. Nf3 Nc6 3. Bb5 a6 4. Ba4 d6 5. O-O Bd7 6. d4 Nf6 7. Bxc6 Bxc6 8.
Re1 Be7 9. Nc3 exd4 10. Nxd4 O-O 11. b3 Nd7 12. Bb2 Bf6 13. Qd2 Re8 14. Rad1
Ne5 15. f3 h5 16. Qf2 g6 17. h3 Bh4 18. g3 Bf6 19. f4 Nd7 20. e5 Bg7 21. Nxc6
bxc6 22. exd6 cxd6 23. Rxd6 Rxe1+ 24. Qxe1 Qc7 25. Qd2 Nf6 26. Kg2 Re8 27. Kh2
h4 28. gxh4 Nh5 29. Rd7 Qxf4+ 30. Qxf4 Nxf4 31. h5 Nxh5 32. Rd3 Re1 33. Rf3 g5
34. Rf2 Be5+ 35. Kg2 Nf4+ 36. Kf3 f5 0-1

[Event "Master Rochefort 2020"]
[Site "Palais des Congres Rochefort"]
[Date "2020.02.22"]
[Round "6.8"]
[White "Le Pen, Steven"]
[Black "Stets, Dmitry"]
[Result "0-1"]
[WhiteElo "2047"]
[BlackElo "2358"]
[PlyCount "72"]
[EventDate "2020.??.??"]
[WhiteTeam "Echiquier de l'Erdre"]
[BlackTeam "Rouen Echecs"]

1. e4 c5 2. Nf3 d6 3. d4 Nf6 4. Nc3 cxd4 5. Nxd4 g6 6. Be3 Bg7 7. f3 O-O 8. Qd2
Nc6 9. g4 Be6 10. Nxe6 fxe6 11. O-O-O Rc8 12. Be2 Qa5 13. Kb1 Nd7 14. Bh6 Bxh6
15. Qxh6 b5 16. h4 Nde5 17. h5 Nf7 18. Qe3 b4 19. hxg6 bxc3 20. Rh5 Nce5 21.
gxf7+ Rxf7 22. Qd4 cxb2 23. Rg5+ Kf8 24. Rf1 Qc3 25. Qxc3 Rxc3 26. Kxb2 Re3 27.
Rxe5 dxe5 28. Bc4 Rfxf3 29. Rxf3+ Rxf3 30. Bxe6 h6 31. c4 Ke8 32. Kc2 Kd8 33.
Kb2 Kc7 34. Kc2 Kd6 35. Bf5 Kc5 36. Be6 Rf6 0-1

[Event "Master Rochefort 2020"]
[Site "Palais des Congres Rochefort"]
[Date "2020.02.22"]
[Round "6.9"]
[White "Martin Duque, Jesus"]
[Black "Lamaze, Simon"]
[Result "1/2-1/2"]
[WhiteElo "2446"]
[BlackElo "2185"]
[PlyCount "56"]
[EventDate "2020.??.??"]
[BlackTeam "Echiquier Club Le Mans"]

1. e4 c5 2. Nf3 Nc6 3. Bb5 g6 4. Bxc6 dxc6 5. h3 Bg7 6. d3 e5 7. Nbd2 Ne7 8. b3
Be6 9. Bb2 f6 10. Qe2 g5 11. a4 a5 12. Nc4 Ng6 13. g3 h5 14. h4 g4 15. Nfd2 Bh6
16. Ne3 O-O 17. Rf1 b6 18. f3 Ne7 19. fxg4 Bxe3 20. Qxe3 Bxg4 21. Qh6 Nc8 22.
Nc4 Ra7 23. Qd2 Rg7 24. Ne3 Bh3 25. Rf3 Nd6 26. O-O-O Qd7 27. Rg1 Rff7 28. Kb1
Nxe4 1/2-1/2

[Event "Master Rochefort 2020"]
[Site "Palais des Congres Rochefort"]
[Date "2020.02.22"]
[Round "6.10"]
[White "Ivanov, Mikhail M"]
[Black "Besson, Bastien"]
[Result "1-0"]
[WhiteElo "2353"]
[BlackElo "2181"]
[PlyCount "39"]
[EventDate "2020.??.??"]
[WhiteTeam "Le Touquet - Cote d'Opale"]
[BlackTeam "Cercle d'Echecs de Nantes"]

1. Nf3 Nf6 2. d4 d6 3. g3 g6 4. Bg2 Bg7 5. O-O O-O 6. a4 a5 7. Nbd2 c6 8. e4
Re8 9. b3 b6 10. Bb2 Qc7 11. Re1 Nbd7 12. e5 dxe5 13. dxe5 Nd5 14. Nc4 Nf8 15.
Nd4 Rd8 16. Nd6 Be6 17. Nxc6 Qxc6 18. c4 Rxd6 19. exd6 Bxb2 20. cxd5 1-0

[Event "Master Rochefort 2020"]
[Site "Palais des Congres Rochefort"]
[Date "2020.02.22"]
[Round "6.12"]
[White "Le Goff, Ronan"]
[Black "Sabatier, Mathis"]
[Result "1/2-1/2"]
[WhiteElo "2281"]
[BlackElo "2089"]
[PlyCount "62"]
[EventDate "2020.??.??"]
[WhiteTeam "Echiquier Guingampais"]
[BlackTeam "Echecs Club de Corbas Mions"]

1. d4 d5 2. Nf3 Nf6 3. g3 g6 4. Bg2 Bg7 5. O-O O-O 6. c4 Nc6 7. Ne5 dxc4 8.
Nxc6 bxc6 9. Na3 Be6 10. e3 Bd5 11. f3 Nd7 12. e4 Be6 13. Be3 Nb6 14. Rf2 Qd6
15. Rd2 c3 16. e5 Qb4 17. Nc2 Qxb2 18. Rb1 Qxa2 19. Ra1 Qxa1 20. Qxa1 cxd2 21.
Bxd2 a5 22. Qc3 Nc4 23. Bc1 Rfb8 24. Na3 Nxa3 25. Bxa3 Bd5 26. f4 e6 27. Bxd5
cxd5 28. g4 Bf8 29. f5 Bxa3 30. Qxa3 a4 31. fxe6 fxe6 1/2-1/2

[Event "Master Rochefort 2020"]
[Site "Palais des Congres Rochefort"]
[Date "2020.02.22"]
[Round "6.13"]
[White "Sim, Sylvain"]
[Black "Doyen, Remi"]
[Result "1/2-1/2"]
[WhiteElo "2191"]
[BlackElo "2242"]
[PlyCount "43"]
[EventDate "2020.??.??"]
[WhiteTeam "Club d'Echecs de la Bruffiere"]
[BlackTeam "AGJA-Echiquier Aquitaine"]

1. e4 c5 2. Nf3 Nc6 3. d4 cxd4 4. Nxd4 g6 5. c4 Nf6 6. Nc3 Bg7 7. Be3 O-O 8.
Be2 d6 9. O-O Nxd4 10. Bxd4 Bd7 11. f4 Bc6 12. Bf3 Nd7 13. Bxg7 Kxg7 14. Kh1
Qb6 15. Qd2 a5 16. Rad1 a4 17. e5 Rfd8 18. exd6 Nf6 19. Qf2 Qxf2 20. Rxf2 Rxd6
21. Rxd6 exd6 22. Bxc6 1/2-1/2

[Event "Master Rochefort 2020"]
[Site "Palais des Congres Rochefort"]
[Date "2020.02.22"]
[Round "6.14"]
[White "Sanchez, Nicolas"]
[Black "Dalaud, Dorian"]
[Result "0-1"]
[WhiteElo "2107"]
[BlackElo "2236"]
[PlyCount "50"]
[EventDate "2020.??.??"]
[WhiteTeam "Maison des Echecs Toulouse Lardenne"]
[BlackTeam "Cercle d'Echecs de Nantes"]

1. d4 Nf6 2. Nf3 g6 3. c4 Bg7 4. Nc3 d5 5. cxd5 Nxd5 6. e4 Nxc3 7. bxc3 c5 8.
Rb1 O-O 9. Be2 Nc6 10. d5 Ne5 11. Nxe5 Bxe5 12. Qd2 f5 13. exf5 Bxf5 14. Rxb7
Be4 15. Bc4 Bf4 16. Qe2 Bxd5 17. Qe4 e6 18. Bxf4 Bxe4 19. Bxe6+ Kh8 20. Be5+
Qf6 21. Bxf6+ Rxf6 22. Re7 Bxg2 23. Rg1 Bf3 24. Rg5 Rd8 25. Bd7 Rd6 0-1

[Event "Master Rochefort 2020"]
[Site "Palais des Congres Rochefort"]
[Date "2020.02.22"]
[Round "6.15"]
[White "Bareyre, Patrick"]
[Black "Yanayt, Eugene"]
[Result "0-1"]
[WhiteElo "2106"]
[BlackElo "2206"]
[PlyCount "80"]
[EventDate "2020.??.??"]
[WhiteTeam "Aviron Bayonnais Echecs"]

1. d4 Nf6 2. Nf3 g6 3. Nc3 d5 4. Bg5 Bg7 5. Bxf6 Bxf6 6. e4 dxe4 7. Nxe4 Bg7 8.
Bc4 O-O 9. c3 Nc6 10. Qe2 e5 11. d5 Na5 12. O-O-O Nxc4 13. Qxc4 Bf5 14. Rhe1
Qe7 15. Kb1 Rab8 16. Ka1 b5 17. Qc5 Qxc5 18. Nxc5 Rfe8 19. h3 Rbd8 20. Ng5 Bf8
21. Nge4 Kg7 22. b4 Bc8 23. Kb2 h6 24. g4 f5 25. gxf5 Bxf5 26. Rg1 Kf7 27. Ng3
Rd6 28. Kb3 Red8 29. c4 bxc4+ 30. Kxc4 c6 31. Ne2 cxd5+ 32. Kb3 d4 33. f3 Rb6
34. Nd3 Be6+ 35. Kc2 Rc8+ 36. Kd2 Bxb4+ 37. Nxb4 Rxb4 38. Rb1 Rcb8 39. Rxb4
Rxb4 40. Rc1 Rb2+ 0-1

[Event "Master Rochefort 2020"]
[Site "Palais des Congres Rochefort"]
[Date "2020.02.22"]
[Round "6.16"]
[White "Chetverik, Maxim"]
[Black "Mas, Victor"]
[Result "1/2-1/2"]
[WhiteElo "2182"]
[BlackElo "2049"]
[PlyCount "70"]
[EventDate "2020.??.??"]
[BlackTeam "Echiquier Club Le Mans"]

1. d4 d5 2. c4 e6 3. Nf3 Nf6 4. g3 Be7 5. Bg2 O-O 6. O-O dxc4 7. Ne5 Nc6 8.
Nxc6 bxc6 9. Na3 Bxa3 10. bxa3 Ba6 11. Bxc6 Rb8 12. Qa4 Qc8 13. Bg5 h6 14. Bxf6
gxf6 15. d5 Rd8 16. Rad1 Kg7 17. e4 Rb6 18. f4 Bb7 19. Bxb7 Qxb7 20. Qxc4 exd5
21. Rxd5 Rxd5 22. Qxd5 Qxd5 23. exd5 Rd6 24. Rc1 Rxd5 25. Rxc7 Rd1+ 26. Kg2
Rd2+ 27. Kh3 Rxa2 28. Rxa7 f5 29. Ra6 h5 30. a4 f6 31. Ra7+ Kg6 32. a5 Kh6 33.
Ra8 Kg7 34. a6 Kh7 35. Ra7+ Kg6 1/2-1/2

[Event "Master Rochefort 2020"]
[Site "Palais des Congres Rochefort"]
[Date "2020.02.22"]
[Round "7.6"]
[White "Stets, Dmitry"]
[Black "Duboue, Peio"]
[Result "0-1"]
[WhiteElo "2358"]
[BlackElo "2421"]
[PlyCount "56"]
[EventDate "2020.??.??"]
[WhiteTeam "Rouen Echecs"]
[BlackTeam "Echiquier de l'Erdre"]

1. e4 d5 2. exd5 Nf6 3. c4 e6 4. d4 exd5 5. Nc3 Be7 6. Nf3 O-O 7. cxd5 Nbd7 8.
Bd3 Nb6 9. h3 Nbxd5 10. O-O h6 11. Re1 Be6 12. Ne5 Re8 13. a3 c6 14. Bc2 Qa5
15. Qd3 Nb4 16. axb4 Qxa1 17. d5 cxd5 18. Na4 d4 19. Qxd4 Rac8 20. Nc3 Qa6 21.
b5 Qb6 22. Qd3 Bd6 23. Be3 Qc7 24. b6 axb6 25. Nb5 Qxc2 26. Nxd6 Red8 27. Qa3
Ra8 28. Qb4 Nd5 0-1

[Event "Master Rochefort 2020"]
[Site "Palais des Congres Rochefort"]
[Date "2020.02.22"]
[Round "7.7"]
[White "Bogdanov, Egor"]
[Black "Mariette, Lucas"]
[Result "1/2-1/2"]
[WhiteElo "2433"]
[BlackElo "2285"]
[PlyCount "91"]
[EventDate "2020.??.??"]
[BlackTeam "Club d'Echecs de Marennes-Oleron"]

1. Nf3 Nf6 2. c4 g6 3. Nc3 d5 4. cxd5 Nxd5 5. Qb3 Nb6 6. d4 Bg7 7. e4 Bg4 8.
Bb5+ c6 9. Ng5 O-O 10. Be2 Bxe2 11. Nxe2 h6 12. Nf3 N8d7 13. O-O Kh7 14. a4 a5
15. Be3 e6 16. Rfd1 Ra6 17. Ne5 Qc7 18. Nxd7 Nxd7 19. Rac1 Rd8 20. d5 exd5 21.
exd5 Nf6 22. d6 Qd7 23. Nf4 Ne4 24. f3 Ng5 25. Bb6 Re8 26. h4 Ne6 27. Nxe6 Rxe6
28. Bc7 b6 29. Re1 Be5 30. Rcd1 Ra8 31. f4 Bd4+ 32. Kh2 Rxe1 33. Rxe1 Re8 34.
Rxe8 Qxe8 35. Bxb6 Bxb6 36. Qxb6 Qe1 37. Qd8 g5 38. Qe7 Qxh4+ 39. Kg1 Qxf4 40.
d7 Qd4+ 41. Kf1 Qd1+ 42. Kf2 Qd2+ 43. Kf3 Qd3+ 44. Kf2 Qd2+ 45. Kf1 Qd1+ 46.
Kf2 1/2-1/2

[Event "Master Rochefort 2020"]
[Site "Palais des Congres Rochefort"]
[Date "2020.02.22"]
[Round "7.8"]
[White "Jolly, Jean-Francois"]
[Black "Ivanov, Mikhail M"]
[Result "1/2-1/2"]
[WhiteElo "2386"]
[BlackElo "2353"]
[PlyCount "95"]
[EventDate "2020.??.??"]
[WhiteTeam "Agneaux Saint-LÃ´"]
[BlackTeam "Le Touquet - Cote d'Opale"]

1. e4 c5 2. Nf3 e6 3. d4 cxd4 4. Nxd4 a6 5. Nc3 Qc7 6. Bd3 Nf6 7. O-O b5 8. Qe2
Bb7 9. a3 Bc5 10. Nb3 Bb6 11. a4 b4 12. Na2 Nc6 13. Bd2 a5 14. Kh1 Ne5 15. Bf4
d6 16. Bb5+ Bc6 17. f3 O-O 18. c3 Bxb5 19. Qxb5 Ng6 20. Bg3 bxc3 21. Nxc3 e5
22. Rac1 Qb8 23. Bf2 Bxf2 24. Rxf2 Qa7 25. Qf1 Qb6 26. Nb5 d5 27. exd5 Nxd5 28.
Rd2 Rad8 29. Nc5 Nf6 30. Rdc2 h5 31. Qf2 h4 32. g3 hxg3 33. hxg3 Rd5 34. Ne4
Qe6 35. Nc7 Nxe4 36. Qg2 Nxg3+ 37. Qxg3 Qd6 38. Nxd5 Qxd5 39. Rc5 Qa8 40. Qg4
Qb8 41. Rb5 Qd8 42. Rg1 Re8 43. Rb7 Qd2 44. Qg2 Qh6+ 45. Qh2 Qe3 46. Qg3 Qh6+
47. Qh2 Qe3 48. Qg3 1/2-1/2

[Event "Master Rochefort 2020"]
[Site "Palais des Congres Rochefort"]
[Date "2020.02.22"]
[Round "7.9"]
[White "Dalaud, Dorian"]
[Black "Suarez Uriel, Adrian"]
[Result "1-0"]
[WhiteElo "2236"]
[BlackElo "2371"]
[Annotator "chris"]
[PlyCount "14"]
[EventDate "2020.??.??"]
[WhiteTeam "Cercle d'Echecs de Nantes"]
[BlackTeam "Echiquier Bordelais"]

1. e4 c5 2. c3 (2. Nc3 d6 3. d4 cxd4 4. Qxd4 Nc6 5. Qd2 e6 6. b3 Nf6 7. Bb2 Be7
8. O-O-O a6 9. Kb1 O-O 10. f4 Qc7 11. Nf3 b5 12. Bd3 b4 13. Ne2 a5 14. Ned4 Bb7
15. Nb5 Qb6 16. Nxd6 Bxd6 17. e5 Bc5 18. exf6 g6 19. h4 Be3 20. Qe1 Bf2 21. Qf1
a4 22. h5 g5 23. Qe2 Na5 24. Nxg5 axb3 25. Qg4 Kh8 26. Nxe6) 2... d6 3. d4 cxd4
4. Qxd4 Nc6 5. Qd2 e6 6. b3 Nf6 7. Bb2 Be7 1-0

[Event "Master Rochefort 2020"]
[Site "Palais des Congres Rochefort"]
[Date "2020.02.22"]
[Round "7.10"]
[White "Yanayt, Eugene"]
[Black "Lucas, Arthur"]
[Result "1-0"]
[WhiteElo "2206"]
[BlackElo "2290"]
[PlyCount "51"]
[EventDate "2020.??.??"]
[BlackTeam "Cercle d'Ã©checs des Sables d'Olonne"]

1. d4 f5 2. g3 Nf6 3. Bg2 g6 4. Nf3 Bg7 5. O-O O-O 6. c4 d6 7. Nc3 c6 8. Qc2
Qc7 9. Rd1 e5 10. c5 e4 11. cxd6 Qxd6 12. Qb3+ Be6 13. Qxb7 exf3 14. Bxf3 Qd7
15. Qxd7 Bxd7 16. d5 Kh8 17. d6 Na6 18. Be3 Rfe8 19. Rd4 Nc5 20. Bxc6 Bxc6 21.
Rc4 Nfe4 22. Nxe4 Bxe4 23. Rxc5 Rad8 24. Rd1 Rd7 25. Bg5 Re6 26. Rc7 1-0

[Event "Master Rochefort 2020"]
[Site "Palais des Congres Rochefort"]
[Date "2020.02.22"]
[Round "7.11"]
[White "Sabatier, Mathis"]
[Black "Martin Duque, Jesus"]
[Result "0-1"]
[WhiteElo "2089"]
[BlackElo "2446"]
[PlyCount "119"]
[EventDate "2020.??.??"]
[WhiteTeam "Echecs Club de Corbas Mions"]

1. d4 Nf6 2. Nf3 e6 3. e3 b6 4. Bd3 Bb7 5. O-O d5 6. b3 Nbd7 7. Bb2 g6 8. c4
Bg7 9. Nc3 O-O 10. cxd5 exd5 11. Ba3 Re8 12. Rc1 a6 13. Qc2 Ne4 14. Na4 Rc8 15.
Qe2 b5 16. Nc5 Nexc5 17. dxc5 c6 18. Bb2 Ne5 19. Nxe5 Bxe5 20. Bxe5 Rxe5 21.
Qb2 Qe7 22. Qd4 Re8 23. a4 Bc8 24. axb5 axb5 25. Rfe1 Rh5 26. g3 Bf5 27. Be2
Rh6 28. Qf4 Qf8 29. Ra1 Re4 30. Qd6 Qxd6 31. cxd6 g5 32. Bd3 Rxd6 33. Bxe4 Bxe4
34. Rac1 d4 35. exd4 Rxd4 36. Rxe4 Rxe4 37. Rxc6 g4 38. Kg2 Kg7 39. h3 h5 40.
hxg4 hxg4 41. Rc5 b4 42. Rf5 Kg6 43. Rf4 Rxf4 44. gxf4 Kf5 45. Kg3 Ke4 46. Kxg4
Kd3 47. Kf5 Kc3 48. Kf6 Kxb3 49. Kxf7 Kc4 50. f5 b3 51. f6 b2 52. Kg7 b1=Q 53.
f7 Qa1+ 54. Kg8 Qg1+ 55. Kh7 Qh2+ 56. Kg7 Qe5+ 57. Kg8 Qg5+ 58. Kf8 Kd5 59. f4
Qf6 60. f5 0-1

[Event "Master Rochefort 2020"]
[Site "Palais des Congres Rochefort"]
[Date "2020.02.22"]
[Round "7.12"]
[White "Lamaze, Simon"]
[Black "Le Goff, Ronan"]
[Result "0-1"]
[WhiteElo "2185"]
[BlackElo "2281"]
[PlyCount "98"]
[EventDate "2020.??.??"]
[WhiteTeam "Echiquier Club Le Mans"]
[BlackTeam "Echiquier Guingampais"]

1. Nf3 d5 2. g3 Nf6 3. Bg2 e6 4. b3 Be7 5. Bb2 O-O 6. O-O a5 7. a4 Re8 8. d3
Bd6 9. Nc3 e5 10. Nb5 Nc6 11. Nxd6 cxd6 12. Nd2 Be6 13. h3 Qd7 14. Kh2 d4 15.
e3 dxe3 16. fxe3 Nd5 17. Nc4 Qc7 18. e4 Nde7 19. Qe2 Bxc4 20. bxc4 Nc8 21. Qf2
Nb6 22. Bc1 Nd8 23. Be3 Nd7 24. h4 Nc5 25. Bh3 Qc6 26. Rfb1 Nde6 27. Bxe6 Rxe6
28. Bxc5 dxc5 29. Rb5 b6 30. Rf1 Rf6 31. Qe2 Re8 32. Kg2 Ree6 33. Rxf6 Rxf6 34.
Qe3 h6 35. Qe2 Qd7 36. Qe3 Kf8 37. Kh2 Ke8 38. Kg2 Kd8 39. Kh2 Kc7 40. Kg2 Kc8
41. Kh2 Kd8 42. Kg2 Kc7 43. Qd2 Qg4 44. Qe1 g5 45. hxg5 Qf3+ 46. Kg1 hxg5 47.
Rxc5+ Kb7 48. Rxe5 Rh6 49. Rxg5 Rh1# 0-1

[Event "Master Rochefort 2020"]
[Site "Palais des Congres Rochefort"]
[Date "2020.02.22"]
[Round "7.13"]
[White "Parnali, S Dharia"]
[Black "Sim, Sylvain"]
[Result "1-0"]
[WhiteElo "2275"]
[BlackElo "2191"]
[PlyCount "81"]
[EventDate "2020.??.??"]
[BlackTeam "Club d'Echecs de la Bruffiere"]

1. d4 Nf6 2. Nf3 e6 3. g3 d5 4. Bg2 c6 5. O-O Nbd7 6. b3 a5 7. c4 Be7 8. Nc3
O-O 9. Qc2 Re8 10. e4 Nxe4 11. Nxe4 dxe4 12. Qxe4 c5 13. Bb2 Bf6 14. Rfd1 a4
15. Ne5 axb3 16. axb3 Rxa1 17. Rxa1 cxd4 18. Bxd4 Nxe5 19. Bxe5 Bd7 20. Rd1
Bxe5 21. Qxe5 Qc8 22. Rd6 Qc7 23. b4 Ba4 24. c5 Rc8 25. h4 h6 26. Qd4 Qe7 27.
Qa1 Bc6 28. Bxc6 bxc6 29. Rxc6 Rb8 30. Qd4 e5 31. Qg4 Qe8 32. b5 e4 33. Qe2 Qe5
34. b6 Kh7 35. Rc7 Re8 36. Qe3 f5 37. c6 f4 38. Qxf4 Qa1+ 39. Kg2 e3 40. Qf5+
Kh8 41. Rc8 1-0

[Event "Master Rochefort 2020"]
[Site "Palais des Congres Rochefort"]
[Date "2020.02.22"]
[Round "7.14"]
[White "Mas, Victor"]
[Black "Sahil, Tickoo"]
[Result "1/2-1/2"]
[WhiteElo "2049"]
[BlackElo "2275"]
[Annotator "chris"]
[PlyCount "58"]
[EventDate "2020.??.??"]
[WhiteTeam "Echiquier Club Le Mans"]

1. d4 Nf6 2. Nf3 e6 3. g3 b6 4. c4 Bb7 5. Bg2 Be7 6. O-O O-O 7. Nc3 Ne4 8. Qc2
Nxc3 9. Qxc3 c5 10. Be3 d6 11. Rfd1 Qc7 12. Rac1 Be4 13. Bf1 Bxf3 14. exf3 Bf6
15. Qd2 Nc6 16. d5 Nd4 17. Bxd4 Bxd4 18. f4 e5 19. f5 Qe7 20. Re1 Qf6 21. Bd3
e4 22. Rxe4 Bxb2 23. Rc2 Bd4 24. Qe2 Rfd8 25. Qh5 Re8 26. Rce2 Rxe4 27. Rxe4 h6
28. Qe2 Kf8 29. Qc2 Qd8 1/2-1/2

[Event "Master Rochefort 2020"]
[Site "Palais des Congres Rochefort"]
[Date "2020.02.22"]
[Round "7.16"]
[White "Doyen, Remi"]
[Black "Nair, Sanjeev"]
[Result "1-0"]
[WhiteElo "2242"]
[BlackElo "2172"]
[PlyCount "68"]
[EventDate "2020.??.??"]
[WhiteTeam "AGJA-Echiquier Aquitaine"]

1. e4 c5 2. Nf3 Nc6 3. Bb5 g6 4. O-O Bg7 5. Re1 e5 6. Bxc6 dxc6 7. b4 cxb4 8.
a3 bxa3 9. Nxa3 Ne7 10. Nc4 Be6 11. Ncxe5 O-O 12. Ba3 Qc7 13. d4 Rfd8 14. Qe2
h6 15. c4 Nc8 16. d5 Bxe5 17. Nxe5 Qxe5 18. Bb2 Qd6 19. c5 Qe7 20. dxe6 Qxe6
21. Qe3 Kh7 22. Qc3 f6 23. f4 Ne7 24. Rf1 Rf8 25. Qb4 a6 26. Rad1 Rad8 27. Rd6
Rxd6 28. cxd6 Ng8 29. Qxb7+ Rf7 30. Qxc6 Rd7 31. e5 f5 32. Rc1 Rf7 33. Qxa6 h5
34. Qc8 Qb3 1-0

[Event "Master Rochefort 2020"]
[Site "Palais des Congres Rochefort"]
[Date "2020.02.22"]
[Round "8.7"]
[White "Martin Duque, Jesus"]
[Black "Stets, Dmitry"]
[Result "1-0"]
[WhiteElo "2446"]
[BlackElo "2358"]
[PlyCount "69"]
[EventDate "2020.??.??"]
[BlackTeam "Rouen Echecs"]

1. e4 c5 2. Nf3 d6 3. d4 Nf6 4. Nc3 cxd4 5. Nxd4 g6 6. Be3 Bg7 7. f3 O-O 8. Qd2
Nc6 9. O-O-O d5 10. exd5 Nxd5 11. Nxc6 bxc6 12. Bd4 e5 13. Bc5 Be6 14. Ne4 Rb8
15. Bc4 a5 16. h4 h6 17. g4 a4 18. a3 Re8 19. h5 g5 20. Rh2 Ra8 21. Qe1 Qc7 22.
Rhd2 Qa5 23. Qg1 Rab8 24. Bd6 Rbd8 25. Bf1 Qa8 26. c4 f5 27. cxd5 cxd5 28. gxf5
Bf7 29. f6 Bh8 30. Nxg5 Rxd6 31. Ne4+ Kf8 32. Nxd6 Qc6+ 33. Kb1 Qxd6 34. Bc4
Rd8 35. Bxd5 1-0

[Event "Master Rochefort 2020"]
[Site "Palais des Congres Rochefort"]
[Date "2020.02.22"]
[Round "8.8"]
[White "Parnali, S Dharia"]
[Black "Bogdanov, Egor"]
[Result "0-1"]
[WhiteElo "2275"]
[BlackElo "2433"]
[PlyCount "70"]
[EventDate "2020.??.??"]

1. d4 Nf6 2. c4 g6 3. Nc3 Bg7 4. e4 c5 5. d5 d6 6. f3 O-O 7. Nge2 e6 8. Ng3
exd5 9. cxd5 h5 10. Bg5 Qb6 11. Qd2 Nh7 12. Bh4 Kh8 13. Rc1 Nd7 14. Be2 Rg8 15.
Nf1 g5 16. Bf2 Ne5 17. h4 g4 18. f4 Bh6 19. Ng3 Nf6 20. Be3 Nf3+ 21. gxf3 gxf3
22. Nxh5 Nxh5 23. f5 Rg2 24. Bxh6 Ng3 25. f6 Qb4 26. Bg7+ Kg8 27. a3 f2+ 28.
Kd1 Qb3+ 29. Qc2 Rg1+ 30. Kd2 Qxc2+ 31. Kxc2 Nxh1 32. Nb5 Ng3 33. Bd3 Bg4 34.
Nxd6 Rxc1+ 35. Kxc1 Ne2+ 0-1

[Event "Master Rochefort 2020"]
[Site "Palais des Congres Rochefort"]
[Date "2020.02.22"]
[Round "8.9"]
[White "Prie, Eric"]
[Black "Doyen, Remi"]
[Result "1/2-1/2"]
[WhiteElo "2423"]
[BlackElo "2242"]
[PlyCount "51"]
[EventDate "2020.??.??"]
[WhiteTeam "Club d' Echecs de Plaisance du Touch"]
[BlackTeam "AGJA-Echiquier Aquitaine"]

1. d4 Nf6 2. Nf3 e6 3. Bf4 c5 4. e3 d5 5. Nbd2 Bd6 6. dxc5 Bxc5 7. c4 O-O 8. a3
b6 9. Be2 Bb7 10. O-O Nc6 11. b4 Be7 12. Rc1 Rc8 13. Qb3 a5 14. b5 Nb8 15. Rfd1
Nbd7 16. h3 Nc5 17. Qb1 Nce4 18. Qa1 Nxd2 19. Nxd2 Bd6 20. Bxd6 Qxd6 21. cxd5
Rxc1 22. Rxc1 Bxd5 23. Bf3 Nd7 24. e4 Ba8 25. Nc4 Qc5 26. Nxa5 1/2-1/2

[Event "Master Rochefort 2020"]
[Site "Palais des Congres Rochefort"]
[Date "2020.02.22"]
[Round "8.10"]
[White "Le Goff, Ronan"]
[Black "Jolly, Jean-Francois"]
[Result "0-1"]
[WhiteElo "2281"]
[BlackElo "2386"]
[PlyCount "78"]
[EventDate "2020.??.??"]
[WhiteTeam "Echiquier Guingampais"]
[BlackTeam "Agneaux Saint-LÃ´"]

1. d4 Nf6 2. Nf3 d5 3. g3 g6 4. Bg2 Bg7 5. O-O O-O 6. c4 c6 7. cxd5 cxd5 8. Nc3
Ne4 9. Ng5 Nxc3 10. bxc3 h6 11. Nh3 Bxh3 12. Bxh3 Nc6 13. Rb1 b6 14. Qd3 e6 15.
Bg2 Rc8 16. h4 f5 17. Ba3 Rf7 18. Qa6 Na5 19. e3 Nc4 20. Rfd1 Rfc7 21. Bb4 g5
22. hxg5 hxg5 23. a4 Qe8 24. g4 fxg4 25. e4 dxe4 26. Bxe4 Qh5 27. Rd3 Bf8 28.
Qb5 a5 29. Bc5 Nd6 30. Qxb6 Nxe4 31. Qxe6+ Rf7 32. Qxe4 Bxc5 33. dxc5 Rcf8 34.
Rb6 g3 35. Qg6+ Qxg6 36. Rxg6+ Kh7 37. Rxg5 gxf2+ 38. Kf1 Rf3 39. Rd4 Rh3 0-1

[Event "Master Rochefort 2020"]
[Site "Palais des Congres Rochefort"]
[Date "2020.02.22"]
[Round "8.12"]
[White "Sahil, Tickoo"]
[Black "Mohite, Ranveer"]
[Result "1-0"]
[WhiteElo "2275"]
[BlackElo "2231"]
[PlyCount "53"]
[EventDate "2020.??.??"]

1. d4 Nf6 2. c4 g6 3. Nc3 d5 4. Nf3 Bg7 5. h4 c6 6. cxd5 cxd5 7. Bf4 Nc6 8. e3
O-O 9. Ne5 Be6 10. Be2 Ne4 11. Nxc6 bxc6 12. Nxe4 dxe4 13. Qc2 Bd5 14. h5 Re8
15. hxg6 hxg6 16. Qc3 Qb6 17. Be5 f6 18. Bf4 Rac8 19. Bc4 e6 20. Bd6 Bxc4 21.
Qxc4 Qxb2 22. O-O Qb5 23. Rfc1 Qd5 24. Bg3 Bf8 25. Rc2 Bd6 26. Qxd5 cxd5 27.
Rxc8 1-0

[Event "Master Rochefort 2020"]
[Site "Palais des Congres Rochefort"]
[Date "2020.02.22"]
[Round "8.13"]
[White "Suarez Uriel, Adrian"]
[Black "Mas, Victor"]
[Result "1-0"]
[WhiteElo "2371"]
[BlackElo "2049"]
[PlyCount "123"]
[EventDate "2020.??.??"]
[WhiteTeam "Echiquier Bordelais"]
[BlackTeam "Echiquier Club Le Mans"]

1. e4 e5 2. Nf3 Nc6 3. Bc4 Bc5 4. O-O d6 5. c3 Bb6 6. d3 h6 7. a4 Qf6 8. b4 a6
9. Nbd2 Nge7 10. Bb3 g5 11. Nc4 Ba7 12. b5 Nd8 13. d4 Ng6 14. Ne1 Ne6 15. Nc2
O-O 16. Kh1 Rd8 17. N4e3 exd4 18. cxd4 Bxd4 19. Ng4 Qg7 20. Nxd4 Qxd4 21. Nxh6+
Kh7 22. Bxe6 Qxd1 23. Rxd1 Bxe6 24. Bxg5 f6 25. Be3 axb5 26. axb5 Rxa1 27. Rxa1
d5 28. Rc1 dxe4 29. Rxc7+ Rd7 30. b6 Ne5 31. h3 Rxc7 32. bxc7 b5 33. g4 Nc4 34.
Nf5 b4 35. Bd4 b3 36. Bxf6 Kg6 37. Bc3 b2 38. Bxb2 Nxb2 39. Nd6 Kg5 40. Nxe4+
Kh4 41. f4 Nd3 42. f5 Bd7 43. Kh2 Ne5 44. Nd6 Nf3+ 45. Kg2 Ng5 46. f6 Nxh3 47.
f7 Nf4+ 48. Kf3 Ng6 49. c8=Q Bxc8 50. Nxc8 Ne5+ 51. Kf4 Nxf7 52. Ne7 Nd8 53.
Ng6+ Kh3 54. Nf8 Nf7 55. Ne6 Kh4 56. Nd4 Kh3 57. Nf3 Nd8 58. Kf5 Kg3 59. Ne5
Kh4 60. g5 Kh5 61. g6 Kh6 62. Kf6 1-0